| 000 | 00974nam a22002897a 4500 | ||
|---|---|---|---|
| 001 | BR8501896 | ||
| 003 | BR-BrBNA | ||
| 005 | 20230928092133.0 | ||
| 007 | ta | ||
| 008 | 230509b bl.||||| |||| 00| 0 por d | ||
| 040 |
_aBR-BrBNA _bpor _cBiblioteca Nacional de Agricultura |
||
| 041 | _a(Por) | ||
| 072 |
_aL73 _b6100 _b4140 |
||
| 090 | _ 6100 BR8501896 | ||
| 100 | 1 | _aGuimaraes Junior, J. da S. | |
| 110 | 1 |
_aUniversidade Federal de Minas Gerais, Belo Horizonte (Brasil). Escola de Veterinaria _0Tese (Mestrado) |
|
| 245 | 1 | _aUso da monensina, salinomicina e nicarbazina no controle da coccidiose em reprodutoras pesadas para a producao de frangos de corte [coccidiostatico] | |
| 260 | 3 |
_aBelo Horizonte, MG (Brasil): _c1984. |
|
| 300 | _a43 p. | ||
| 500 | _a48 ref.; Summary (Por); 3 tables | ||
| 650 | _aFRANGO DE CORTE | ||
| 650 | _aCOCCIDIOSE | ||
| 650 | _aIMUNIDADE | ||
| 650 | _aCOCCIDIOSTATICO | ||
| 909 |
_a202309 _bLucia _c55 _dLucia Elande |
||
| 942 | _cBK | ||
| 999 |
_c37325 _d37325 |
||